Statistics for Countries that border countries that end with "stan"

Click here to take the quiz!

General Stats

  • This quiz has been taken 86 times
  • The average score is 9 of 11

Answer Stats

ContinentCountry% Correct
Asia/ RussiaRussia
95%
AsiaIndia
94%
AsiaChina
91%
AsiaIran
91%
AsiaPakistan
85%
AsiaKazakhstan
83%
AsiaTurkmenistan
82%
AsiaUzbekistan
82%
AsiaTajikistan
80%
AsiaAfghanistan
76%
AsiaKyrgyzstan
76%

Score Distribution

Percentile by Number Answered

Percent of People with Each Score

Your Score History

You have not taken this quiz